Economics principles and applications (Record no. 188573)

MARC details
000 -LEADER
fixed length control field 00402nam a2200157Ia 4500
005 - DATE AND TIME OF LATEST TRANSACTION
control field 20241219100637.0
008 - FIXED-LENGTH DATA ELEMENTS--GENERAL INFORMATION
fixed length control field 231217s9999 xx 000 0 und d
020 ## - INTERNATIONAL STANDARD BOOK NUMBER
International Standard Book Number 9788131505779
082 ## - DEWEY DECIMAL CLASSIFICATION NUMBER
Classification number 330 MAN;1 R
100 ## - MAIN ENTRY--PERSONAL NAME
Personal name Mankiw,gregory N
245 #0 - TITLE STATEMENT
Title Economics principles and applications
260 ## - PUBLICATION, DISTRIBUTION, ETC. (IMPRINT)
Date of publication, distribution, etc. 2007
Name of publisher, distributor, etc. Cengage Learning
Place of publication, distribution, etc. Australia
300 ## - PHYSICAL DESCRIPTION
Extent 684
650 ## - SUBJECT ADDED ENTRY--TOPICAL TERM
Topical term or geographic name as entry element Economics
942 ## - ADDED ENTRY ELEMENTS (KOHA)
Koha item type Books
Holdings
Date last seen Total Checkouts Full call number Accession number Old discount Cost, replacement price Price effective from Category Lost status Damaged status Department Withdrawn status bill no. bill date Permanent Location Current Location Shelving location Entry date Vendor Cost, normal purchase price Grants Currency symbol Conversion rate Discount Discount type
26/01/2024   330 MAN;1 R 71097 25 371.25 26/01/2024 Books     Central Library   60505 25/02/2014 Central Library Central Library Central Library 27/09/2010 Book Paradise 495.00 MBA RS 1 123.75 Rupees
26/01/2024   330 MAN;2 R1 71098 25 371.25 26/01/2024 Books     Central Library   60505 25/02/2014 Central Library Central Library Central Library 27/09/2010 Book Paradise 495.00 MBA RS 1 123.75 Rupees
26/01/2024   330 MAN;3 71099 25 371.25 26/01/2024 Books     MBA   60505 25/02/2014 Central Library Central Library MBA 27/09/2010 Book Paradise 495.00 MBA RS 1 123.75 Rupees

© For any Suggestions or Query, please contact the library staff @ librarian@pes.edu or Phone: +9180 2672 1983/ 2108.